| 000 | 01766cam a22003734a 4500 | ||
|---|---|---|---|
| 001 | 3374 | ||
| 003 | FISKH | ||
| 005 | 20240229144128.0 | ||
| 008 | 090318s2010 nyuab j b 001 0deng | ||
| 010 | _a 2009011561 | ||
| 020 | _a9780439691864 (hardcover) | ||
| 020 | _a0439691869 (hardcover) | ||
| 040 |
_aDLC _cDLC _dDLC |
||
| 043 |
_an-us-nj _an-us--- _an-us-ny |
||
| 050 | 0 | 0 |
_aE241.T7 _bM87 2010 |
| 082 | 0 | 0 |
_a973.3/32 _222 |
| 100 | 1 |
_aMurphy, Jim, _d1947- |
|
| 245 | 1 | 4 |
_aThe crossing : _bhow George Washington saved the American Revolution / _cJim Murphy. |
| 260 |
_aNew York : _bScholastic Press, _c2010. |
||
| 300 |
_a96 pages : _billustrations, maps ; _c27 cm. |
||
| 504 | _aIncludes bibliographical references (p. 91-92) and index. | ||
| 505 | 0 | _aThe commander -- The invasion -- The attack -- The escape -- The retreat -- The crossing -- The old fox -- The painting. | |
| 520 | _aThis book tells the story of how George Washington's crossing of the Delaware River helped save the American revolution. | ||
| 521 | 8 |
_a1080 _bLexile NC |
|
| 600 | 1 | 0 |
_aWashington, George, _d1732-1799 _xMilitary leadership _vJuvenile literature. |
| 600 | 1 | 0 |
_aHowe, William Howe, _cViscount, _d1729-1814 _vJuvenile literature. |
| 610 | 2 | 0 |
_aUnited States. _bContinental Army _xHistory _vJuvenile literature. |
| 650 | 0 |
_aTrenton, Battle of, Trenton, N.J., 1776 _vJuvenile literature. |
|
| 651 | 0 |
_aDelaware River Valley (N.Y.-Del. and N.J.) _xHistory _yRevolution, 1775-1783 _vJuvenile literature. |
|
| 906 |
_a7 _bcbc _corignew _d1 _eocip _f20 _gy-gencatlg |
||
| 942 |
_2ddc _cBK _n0 |
||
| 999 |
_c3374 _d3374 |
||